Click the Foo Fighters Song Title Ending - Statistics

General Stats
  • This quiz has been taken 82 times
  • The average score is 16 of 20
Answer Stats
Hint Answer % Correct
Learn To Fly
97%
Times Like These
95%
I'll Stick Around
94%
All My Life
94%
No Way Back
92%
Monkey Wrench
89%
Love Dies Young
89%
No Son Of Mine
88%
The Colour And The Shape
88%
A Matter Of Time
86%
Best Of You
83%
Good Grief
77%
Dear Rosemary
77%
The Sky Is A Neighborhood
66%
Something From Nothing
66%
Long Road To Ruin
62%
February Stars
62%
White Limo
58%
Miss The Misery
45%
Enough Space
45%
No matching quizzes found
Score Distribution
Percent of People with Each Score
Percentile by Number Answered
Your Score History
You have not taken this quiz